Estadísticas para Países por la Primera y Última Letra #2

Haz click aquí para intentar la prueba.

Estadísticas generales

  • Esta prueba ha sido intentada 5.344 veces
  • La puntuación promedio es 15 de 24

Estadísticas de respuestas

Primera letraPaísÚltima letra% Correcto
YYemenN
94%
OOmánN
89%
ZZimbabueE
82%
PParaguayY
73%
FFiyiI
72%
LLaosS
72%
KKeniaA
71%
NNauruU
70%
IIránN
68%
KKiribatiI
67%
KKosovoO
66%
BBrasilL
65%
TTuvaluU
65%
HHaitíI
63%
VVenezuelaA
63%
PPerúU
61%
UUzbekistánN
61%
PPakistánN
58%
SSurinamM
57%
HHungríaA
51%
CCamerúnN
48%
CCatarR
40%
SSeychellesS
37%
LLiechtensteinN
36%

Distribución de puntuación

Porcentaje por número respondido

Porcentaje de gente con cada puntuación

Historial de tus puntuaciones

No has intentado esta prueba.